Holiday Quiz

Random Holiday or Year Quiz

Year-Round Minefield Blitz Quiz Stats

 Plays Quiz Updated Sep 8, 2018

Support Sporcle.
Go Orange.
Score 0/48 Timer 02:00
0 Plays Today
% Correct
???
66.2%
???
65.9%
???
65.8%
???
65.3%
???
65.3%
???
65.2%
???
65%
???
65%
???
64.8%
???
64.7%
???
64.7%
???
64.6%
???
64.5%
???
64.4%
???
64.3%
???
64.2%
???
64.2%
???
64.1%
???
64.1%
???
64%
???
63.9%
???
63.8%
???
63.8%
???
63.7%
% Correct
???
63.6%
???
63.5%
???
63.4%
???
63.3%
???
63.2%
???
63.2%
???
62.9%
???
62.9%
???
62.9%
???
62.7%
???
62.5%
???
62.4%
???
62.4%
???
62.4%
???
62.4%
???
62.1%
???
62.1%
???
62%
???
62%
???
61.6%
???
61.2%
???
61%
???
60.5%
???
58.4%

You're not logged in!

Compare scores with friends on all Sporcle quizzes.
OR
Log In

From the Vault

Top Ranked World Golfers (2009)

by Ben

The recently completed WGC Match Play Championship featured these 64 golfers. Oddly, no #1 seed made it past the 2nd round.
Remove Ads.
Support Sporcle.
Get the best of Sporcle when you Go Orange. This ad-free experience offers more features, more stats, and more fun while also helping to support Sporcle. Thank you for becoming a member.

Show Comments

Extras

Top Quizzes Today


Score Distribution

Your Account Isn't Verified!

In order to create a playlist on Sporcle, you need to verify the email address you used during registration. Go to your Sporcle Settings to finish the process.

Report this User

Report this user for behavior that violates our Community Guidelines.

Details: